<?xml version="1.0" encoding="UTF-8"?>
<record
    xmlns:xsi="http://www.w3.org/2001/XMLSchema-instance"
    xsi:schemaLocation="http://www.loc.gov/MARC21/slim http://www.loc.gov/standards/marcxml/schema/MARC21slim.xsd"
    xmlns="http://www.loc.gov/MARC21/slim">

  <leader>00475    a2200157   4500</leader>
  <controlfield tag="005">20250628044504.0</controlfield>
  <datafield tag="020" ind1=" " ind2=" ">
    <subfield code="a">978-0-07-313715-5</subfield>
  </datafield>
  <datafield tag="082" ind1=" " ind2=" ">
    <subfield code="a">331.89 KAT</subfield>
  </datafield>
  <datafield tag="100" ind1=" " ind2=" ">
    <subfield code="a">   KATZ,Harry C</subfield>
  </datafield>
  <datafield tag="245" ind1=" " ind2=" ">
    <subfield code="a">An Introduction o Collective Bargaining and Industrial Relations</subfield>
  </datafield>
  <datafield tag="250" ind1=" " ind2=" ">
    <subfield code="a">4th Ed.</subfield>
  </datafield>
  <datafield tag="260" ind1=" " ind2=" ">
    <subfield code="a">Boston</subfield>
    <subfield code="b">McGraw-Hill Irwin</subfield>
    <subfield code="c">2008</subfield>
  </datafield>
  <datafield tag="300" ind1=" " ind2=" ">
    <subfield code="a">xiii,514p.;ill,Figure</subfield>
    <subfield code="b">Appendix,Glossary,Index</subfield>
    <subfield code="c">24cm.</subfield>
  </datafield>
  <datafield tag="700" ind1=" " ind2=" ">
    <subfield code="a">Thomas A Kochan,AlexanderJ.S.Colvin</subfield>
  </datafield>
  <datafield tag="942" ind1=" " ind2=" ">
    <subfield code="2">ddc</subfield>
    <subfield code="c">BKS</subfield>
  </datafield>
  <datafield tag="999" ind1=" " ind2=" ">
    <subfield code="c">5785</subfield>
    <subfield code="d">5785</subfield>
  </datafield>
  <datafield tag="952" ind1=" " ind2=" ">
    <subfield code="r">2025-06-28 04:47:50</subfield>
    <subfield code="l">0</subfield>
    <subfield code="o">331 KAT</subfield>
    <subfield code="p">MZA0002619</subfield>
    <subfield code="v">90000.00</subfield>
    <subfield code="w">2000-06-27</subfield>
    <subfield code="y">BKS</subfield>
    <subfield code="1">0</subfield>
    <subfield code="2">ddc</subfield>
    <subfield code="4">0</subfield>
    <subfield code="7">0</subfield>
    <subfield code="0">0</subfield>
    <subfield code="a">003</subfield>
    <subfield code="b">003</subfield>
    <subfield code="c">GEN</subfield>
    <subfield code="d">2000-06-27</subfield>
    <subfield code="e">Library Budget</subfield>
    <subfield code="g">30000.00</subfield>
  </datafield>
  <datafield tag="952" ind1=" " ind2=" ">
    <subfield code="r">2025-06-28 04:47:50</subfield>
    <subfield code="l">0</subfield>
    <subfield code="o">331 KAT</subfield>
    <subfield code="p">MZA0002620</subfield>
    <subfield code="v">90000.00</subfield>
    <subfield code="w">2000-06-27</subfield>
    <subfield code="y">BKS</subfield>
    <subfield code="1">0</subfield>
    <subfield code="2">ddc</subfield>
    <subfield code="4">0</subfield>
    <subfield code="7">0</subfield>
    <subfield code="0">0</subfield>
    <subfield code="a">003</subfield>
    <subfield code="b">003</subfield>
    <subfield code="c">GEN</subfield>
    <subfield code="d">2000-06-27</subfield>
    <subfield code="e">Library Budget</subfield>
    <subfield code="g">30000.00</subfield>
  </datafield>
</record>
